Score 0/30 Timer 07:00
2 Plays Today
% Correct
KRAMER
91.2%
SURVIVOR
91.1%
GILLIGAN'S ISLAND
90.6%
FRESH PRINCE
89.9%
CHEERS
89.9%
FLANDERS
89.8%
CSI
88.9%
GOLDEN GIRLS
88.5%
MAN VS WILD
88.5%
QUAGMIRE
88.3%
DINERS, DRIVE-
INS & DIVES
88%
ANGELA LANSBURY
87.1%
FRIENDS
87%
WILSON
86.8%
JENNIFER GARNER
86.7%
% Correct
FARGO
86.5%
JEFFERSONS
85.3%
WILL FERRELL
85.1%
KRISTEN BELL
84.8%
DAMON WAYANS
84%
CHRIS FARLEY
83.6%
BIZARRE FOODS
83.2%
CLAIRE DANES
81.5%
SKIPPY
81.3%
KATE MULGREW
80.3%
BORED TO DEATH
76%
BECKER
74.9%
MICHAEL PALIN
74.5%
BRUCE MCCULLOCH
70.6%
FEAR FACTOR
65.6%
Remove Ads.
Support Sporcle.
Get the best of Sporcle when you Go Orange. This ad-free experience offers more features, more stats, and more fun while also helping to support Sporcle. Thank you for becoming a member.

You're not logged in!

Compare scores with friends on all Sporcle quizzes.
OR
Log In

Show Comments

Extras

Top Quizzes Today


Score Distribution

Your Account Isn't Verified!

In order to create a playlist on Sporcle, you need to verify the email address you used during registration. Go to your Sporcle Settings to finish the process.

Report this User

Report this user for behavior that violates our Community Guidelines.

Details: